Aнaлиз регистрaции сделoк с недвижимoстью в Гoрецкoм филиaле РУП "Мoгилевскoе aгентствo пo гoсудaрственнoй регистрaции и земельнoму кaдaстру"; Проблемы геологии и освоения недр; Т. 1

מידע ביבליוגרפי
Parent link:Проблемы геологии и освоения недр: труды XXI Международного симпозиума имени академика М. А. Усова студентов и молодых ученых, посвященного 130-летию со дня рождения профессора М. И. Кучина, Томск, 3-7 апреля 2017 г./ Национальный исследовательский Томский политехнический университет (ТПУ), Институт природных ресурсов (ИПР) ; под ред. А. С. Боева.— , 2017
Т. 1.— 2017.— [С. 659-660]
מחבר ראשי: Сутоцкий А. М.
מחבר תאגידי: Белорусская государственная орденов Октябрьской Революции и Трудового Красного Знамени сельскохозяйственная академия
סיכום:Заглавие с экрана
שפה:רוסית
יצא לאור: 2017
סדרה:Землеустройство: наука и практика
נושאים:
גישה מקוונת:http://earchive.tpu.ru/handle/11683/44335
פורמט: אלקטרוני Book Chapter
KOHA link:https://koha.lib.tpu.ru/cgi-bin/koha/opac-detail.pl?biblionumber=624694

MARC

LEADER 00000naa2a2200000 4500
001 624694
005 20231101133327.0
035 |a (RuTPU)RU\TPU\conf\23954 
035 |a RU\TPU\conf\23953 
090 |a 624694 
100 |a 20171128d2017 k y0rusy50 ca 
101 0 |a rus 
102 |a RU 
105 |a y z 100zy 
135 |a drgn ---uucaa 
181 0 |a i  
182 0 |a b 
200 1 |a Aнaлиз регистрaции сделoк с недвижимoстью в Гoрецкoм филиaле РУП "Мoгилевскoе aгентствo пo гoсудaрственнoй регистрaции и земельнoму кaдaстру"  |f А. М. Сутоцкий 
203 |a Текст  |c электронный 
225 1 |a Землеустройство: наука и практика 
230 |a 1 компьютерный файл (pdf; 288 Kb) 
300 |a Заглавие с экрана 
320 |a [Библиогр.: с. 660 (2 назв.)] 
461 1 |0 (RuTPU)RU\TPU\conf\21932  |t Проблемы геологии и освоения недр  |o труды XXI Международного симпозиума имени академика М. А. Усова студентов и молодых ученых, посвященного 130-летию со дня рождения профессора М. И. Кучина, Томск, 3-7 апреля 2017 г.  |o в 2 т.  |f Национальный исследовательский Томский политехнический университет (ТПУ), Институт природных ресурсов (ИПР) ; под ред. А. С. Боева  |d 2017 
463 1 |0 (RuTPU)RU\TPU\conf\21936  |t Т. 1  |v [С. 659-660]  |d 2017 
610 1 |a электронный ресурс 
610 1 |a сделки 
610 1 |a недвижимость 
610 1 |a недвижимое имущество 
610 1 |a государственная регистрация 
610 1 |a земельный кадастр 
700 1 |a Сутоцкий  |b А. М. 
712 0 2 |a Белорусская государственная орденов Октябрьской Революции и Трудового Красного Знамени сельскохозяйственная академия 
801 2 |a RU  |b 63413507  |c 20171201  |g RCR 
856 4 |u http://earchive.tpu.ru/handle/11683/44335 
942 |c BK